000 01288nam a22002537a 4500
003 OSt
005 20210324101335.0
008 210304b ||||| |||| 00| 0 spa d
020 _a9789945920116
040 _aDO-SdBNP
_bspa
_cBNPHU
082 4 _a001.42
_bG633a
100 1 _aGómez Ramírez, Plácido F.
_972562
245 1 0 _aApuntes sobre ciencia e investigación científica en República Dominicana :
_bgénesis y evolución del Fondo Nacional de Innovación y Desarrollo Científico y Tecnológico (FONDOCYT) 1998-2018 /
_cPlácido F. Gómez Ramírez, Sixto J. Inchaustegui, Carlos Manuel Rodríguez Peña
260 _aSanto Domingo :
_bMinisterio de Educación Superior, Ciencia y Tecnología ,
_c2020.
300 _a382 p. :
_bil. ;
_c30 cm
590 _aInventariado, 2021 / DG
610 _aFondo Nacional de Innovación y desarrollo Científico Tecnológico (República Dominicana)
_y1998-2018
_978249
650 4 _aInvestigación científica
_zRepública Dominicana
_936781
700 _aInchaustegui, Sixto J.
_eAutor
_97053
700 _aRodríguez Peña, Carlos M.
_eAutor
_978012
710 2 _aFondo Nacional de Innovación y Desarrollo Científico y Tecnológico (República Dominicana)
_978250
910 _a DG/2021/Validado. Control de calidad MFF
942 _2ddc
_cLBS1
999 _c49497
_d49497